| 000 | 01026 am a2200313ua 4500 | ||
|---|---|---|---|
| 001 | 011929735 | ||
| 003 | EG-ScBUE | ||
| 005 | 20220123092232.0 | ||
| 008 | 870415r19861984enke f 000 j eng d | ||
| 020 | _a0140319662 | ||
| 020 | _a9780140319668 | ||
| 040 |
_aUk _beng _erda _cUk _dEG-ScBUE |
||
| 082 | 0 | 4 |
_a823.0108 _bLIV _222 |
| 100 | 1 |
_aLively, Penelope, _d1933- _eauthor. _99707 |
|
| 245 | 1 | 0 |
_aUninvited ghosts and other stories / _cPenelope Lively ; illustrated by John Lawrence. |
| 250 |
_aFirst edition, _breprinted. |
||
| 264 | 1 |
_aLondon : _bPenguin Books, _c1986. |
|
| 300 |
_a119 pages : _bplans ; _c19 cm |
||
| 336 |
_2rdacontent _atext _btxt |
||
| 337 |
_2rdamedia _aunmediated _bn |
||
| 338 |
_2rdacarrier _avolume _bnc |
||
| 500 | _aReprint of the 1984 ed. | ||
| 650 | 7 |
_aShort stories, English _y20th century. _2BUEsh _934697 |
|
| 651 | _2BUEsh | ||
| 653 |
_cDecember2013 _bHHUUEENN |
||
| 655 |
_vReading book _934232 |
||
| 700 | 1 |
_aLawrence, John, _d1933- _eillustrator. _99711 |
|
| 942 |
_2ddc _cBB _k823.0108 LIV |
||
| 999 |
_c17876 _d17848 |
||